| 000 | 01333nam a2200337Ia 4500 | ||
|---|---|---|---|
| 001 | ebr10315440 | ||
| 003 | CaPaEBR | ||
| 006 | m u | ||
| 007 | cr cn||||||||| | ||
| 008 | 020226s2002 caua sb 001 0 eng d | ||
| 010 | _z 2002018470 | ||
| 020 | _z9781576751282 | ||
| 020 | _z1576751287 (pbk. : alk. paper) | ||
| 040 |
_aCaPaEBR _cCaPaEBR |
||
| 035 | _a(OCoLC)243591752 | ||
| 050 | 1 | 4 |
_aHD66 _b.S772 2002eb |
| 082 | 0 | 4 |
_a658.4/036 _221 |
| 100 | 1 | _aStraus, David. | |
| 245 | 1 | 0 |
_aHow to make collaboration work _h[electronic resource] : _bpowerful ways to build consensus, solve problems, and make decisions / _cDavid Straus. |
| 260 |
_aSan Francisco : _bBerrett-Koehler, _cc2002. |
||
| 300 |
_axvii, 247 p. : _bill. |
||
| 504 | _aIncludes bibliographical references (p. 211-217) and index. | ||
| 533 |
_aElectronic reproduction. _bPalo Alto, Calif. : _cebrary, _d2009. _nAvailable via World Wide Web. _nAccess may be limited to ebrary affiliated libraries. |
||
| 650 | 0 | _aTeams in the workplace. | |
| 650 | 0 | _aGroup decision making. | |
| 650 | 0 | _aGroup problem solving. | |
| 650 | 0 | _aCooperativeness. | |
| 655 | 7 |
_aElectronic books. _2local |
|
| 710 | 2 | _aebrary, Inc. | |
| 856 | 4 | 0 |
_uhttp://site.ebrary.com/lib/rucke/Doc?id=10315440 _zAn electronic book accessible through the World Wide Web; click to view |
| 999 |
_c163092 _d163092 |
||